Statistics for Elton John Songs

Click here to take the quiz!

General Stats

  • This quiz has been taken 736 times
    (721 since last reset)
  • The average score is 6 of 9

Answer Stats

Hint Answer % Correct
And I think it's going to be a long long time till touchdown brings me around to find. im not the man i think i am at home im a ________ ___Rocket man
94%
"...but its the best I can do. my gift is my song and this ones for you. And you can tell everybody..."Your Song
90%
Ballirena, you must have seen her dancing in the sand, and now she in me, always with me, _____ _____ in my head. Hold me closer _____ _____Tiny dancer
90%
I remember when rock was young me and suzy had so much fun. Holding hands and skimming stones......well croccidle rocking its something shocking when your feet cant keep still...Crocodile Rock
88%
Goodbye Norma Jean....And it seems to me like you lived your life like a ______ __ ___ ____Candle in the Wind
82%
Dont ya know im still standing better than i ever did, lookin like a true survivor, feeling like a little kid.Im Still Standing
76%
Awh the way and the wonderful. Oh man shes a hurricane, shes got electric boots .....bbbbb ______ ___ ___ ____Bennie and The Jets
58%
...on the ladder of my life. Too late, to save myself from falling. I took a chance and changed your way of life....____ ___ ___ ___ __ ____ __ __, although I search myself its always someone else I see.Dont Let the Sun go Down on me
42%
Time to change and the poor get back but the b*tch is going to catch ya she gets back.The B*tch is Back
12%

Score Distribution

Percentile by Number Answered

Percent of People with Each Score

Your Score History

You have not taken this quiz since the last reset